Polite essays /

Bibliographic Details
Main Author: Pound, Ezra, 1885-1972
Format: Book
Language:English
Published: Norfolk, Conn. : New Directions, [between 1900 and 1999]
Subjects:

MARC

Tag First Indicator Second Indicator Subfields
LEADER 00000cam a2200000 4500
001 in00000027491
005 20151007061353.0
008 800628q19001948ctu 00010 eng d
035 |a (OCoLC)06469296 
035 |9 AAD1900AM 
040 |a TXA  |c TXA  |d UtOrBLW 
049 |a TXAM  |c [155971] 
090 |a PN511  |b .P633 1900z 
092 |a 804  |b P876p 
100 1 |a Pound, Ezra,  |d 1885-1972. 
245 1 0 |a Polite essays /  |c by Ezra Pound. 
264 1 |a Norfolk, Conn. :  |b New Directions,  |c [between 1900 and 1999] 
300 |a 3 pages ., 207 pages ;  |c 20 cm. 
336 |a text  |b txt  |2 rdacontent 
337 |a unmediated  |b n  |2 rdamedia 
338 |a volume  |b nc  |2 rdacarrier 
505 0 |a Harold Monro.--Mr. Housman at Little Bethel.--Hell.--'We have had no battles.'--The prose tradition in verse.--Dr. Williams' position.--James Joyce et Pecuchet.--Mr. Eliot's solid merit.--'Abject and utter farce.'--The teacher's mission.--A letter from Dr. Rouse to E. P.-- Retrospect: Interlude.--Prefatio aut cimicium tumulus.--'Active anthology.'--How to read.--Civilization.--Note on Dante. 
650 0 |a Literature. 
999 |a MARS 
999 f f |s d340b6d1-6b07-3f59-9dbd-257c4bba8a1d  |i 4f35b7ae-9831-3bd1-91f1-b5d53cc09d60  |t 0 
952 f f |p ric  |a Texas A&M University  |b Rellis Campus  |c Joint Library Facility  |d Remote Storage  |t 0  |e PN511 .P633 1900z  |h Library of Congress classification  |i unmediated -- volume  |m A14801192360 
998 f f |a PN511 .P633 1900z  |t 0  |l Remote Storage